000 00892nac a22002417a 4500
001 BR9902469
003 BR-BrBNA
005 20240105122229.0
008 230509b bl.|||m| |||| 00| 0 por d
040 _aBR-BrBNA
_bpor
_cBiblioteca Nacional de Agricultura
072 _aP36
090 _aP36 BR9902469
110 1 _aCentro Nacional de Pesquisa de Monitoramento e Avaliacao de Impacto Ambiental, Jaguariuna, SP (Brasil)
_91791
245 1 _aRecuperacao e manejo de areas degradadas no contexto da EMBRAPA e do SNPA
260 3 _aJaguariuna, SP (Brasil):
_c1998.
300 _a70 p.
490 _aDocumentos - Centro Nacional de Pesquisa de Monitoramento e Avaliacao de Impacto Ambiental (Brazil)
_vno. 13
_xISSN 1413-0084
650 _aSolo
650 _aRecuperacao do Solo
650 _aManejo do Solo
909 _a202312
_bLúcia Elande
_c55
_dLúcia Elande
942 _2AGRIS
_n0
_cMS
999 _c289915
_d289915